MULTI-PATTERN 1.00. Program package to analyze and simulate community-wide patterns

Elmentve itt :
Bibliográfiai részletek
Szerzők: Erdei Zs
Tóthmérész Béla
Dokumentumtípus: Cikk
Megjelent: 1993
Sorozat:Tiscia
Kulcsszavak:Természettudomány
Online Access:http://acta.bibl.u-szeged.hu/10022
LEADER 00645nab a2200193 i 4500
001 acta10022
005 20210323101628.0
008 161015s1993 hu o 0|| eng d
022 |a 0563-587X 
040 |a SZTE Egyetemi Kiadványok Repozitórium  |b hun 
041 |a eng 
100 1 |a Erdei Zs. 
245 1 0 |a MULTI-PATTERN 1.00. Program package to analyze and simulate community-wide patterns  |h [elektronikus dokumentum] /  |c  Erdei Zs. 
260 |c 1993 
300 |a 45-48 
490 0 |a Tiscia 
695 |a Természettudomány 
700 0 1 |a Tóthmérész Béla  |e aut 
856 4 0 |u http://acta.bibl.u-szeged.hu/10022/1/tiscia_027_045-048.pdf  |z Dokumentum-elérés